Statistics for Most Popular Men's Fragrances

Click here to take the quiz!

General Stats

  • This quiz has been taken 287 times
  • The average score is 14 of 25

Answer Stats

Fragrance HouseAnswer% Correct
DiorDior Sauvage
96%
VersaceEros
91%
Jean Paul GaultierLe male
91%
CreedAventus
85%
NauticaVoyage
80%
Paco Robanne1 Million
78%
Yves Saint LaurentYSL Y
69%
Viktor & RolfSpicebomb
64%
ChanelBleu de Chanel
61%
Dolce and GabbanaThe One
60%
Giorgio ArmaniStronger With You
59%
AzzaroMost Wanted
58%
MontblancExplorer
57%
VersaceEros Flame
52%
Jean Paul GaultierLe Beau
51%
MontblancLegend Spirit
51%
Ralph LaurenPolo Red
46%
GucciGuilty
45%
Paco RobanneInvictus
45%
Tom FordOud Wood
44%
Tom FordOmbre Leather
35%
Giorgio ArmaniAqua di Gio
30%
CoachFor Men
23%
PradaLuna Rossa Carbon
21%
DiorHomme Sport
11%

Score Distribution

Percentile by Number Answered

Percent of People with Each Score

Your Score History

You have not taken this quiz